Voxographie de Richard Darbois par image - Statistiques

Statistiques générales
  • Ce quiz a été pris 283 fois
  • Le résultat moyen est 9 sur 16
Statistiques - réponses
Par images Réponse % Correct
Le Génie
98%
Batman
97%
Buzz l'Éclair
97%
Indiana Jones
94%
Baloo
92%
Albator
77%
Han Solo
74%
Conan le Barbare
59%
Biff Tannen
35%
Bruce
35%
Oogie Boogie
26%
Ian Malcolm
25%
Louis
21%
Henry J. Waternoose
8%
Raymond Stantz
8%
Phil Connors
6%
Aucun quiz correspondant
Distribution des résultats
% des personnes avec chaque résultat
Percentile par nombre de réponses
Votre historique - résultats
Vous n’avez pas pris ce quiz